Sports Quiz

Random Sports Quiz
Score 0/31 Timer 10:00
0 Plays Today
Squad No. Name % Correct
6Richard Keogh
94.3%
19Will Hughes
94.3%
9Chris Martin
92.7%
1Lee Grant
91.1%
2Cyrus Christie
89.4%
11Johnny Russell
89.4%
17Scott Carson
87.8%
23Tom Ince
87.8%
3Craig Forsyth
86.2%
4Craig Bryson
86.2%
8Jeff Hendrick
85.4%
10Darren Bent
82.9%
14Jason Shackell
80.5%
15Bradley Johnson
80.5%
18Jacob Butterfield
79.7%
5Jake Buxton
75.6%
Squad No. Name % Correct
12Chris Baird
74.8%
34George Thorne
73.2%
29Marcus Olsson
66.7%
35Jonathan Mitchell
64.2%
22Nick Blackman
60.2%
24Andreas Weimann
60.2%
21Kelle Roos
59.3%
20Abdoul Camara
57.7%
31Max Lowe
56.9%
26Jamie Hanson
56.1%
38Mason Bennett
48.8%
37Stephen Warnock
39%
32Ryan Shotton
35.8%
27Ivan Calero
25.2%
30Isak Ssewankambo
18.7%
Come Together.
Have Fun.
All Virtual.
We all need to come together. Play Sporcle's virtual live trivia to have fun, connect with people, and get your trivia on. Join a live hosted trivia game for your favorite pub trivia experience done virtually. If a virtual private party is more your thing, go here for details.

You're not logged in!

Compare scores with friends on all Sporcle quizzes.
OR
Log In

Sporcle TV

Today on Sporcle TV


Watch our educational content, quiz creation guides, and fun videos on Sporcle TV.

Show Comments

Extras

Created Feb 1, 2016ReportNominate
Tags:2015, County, Derby, Squad

Top Quizzes Today


Score Distribution

Paid Content

Your Account Isn't Verified!

In order to create a playlist on Sporcle, you need to verify the email address you used during registration. Go to your Sporcle Settings to finish the process.

Report this User

Report this user for behavior that violates our Community Guidelines.

Details: